00676nam a2200241 a 4500001001300000003000900013005001700022008004100039020001000080082001600090100002300106245002400129260003000153300000800183500003500191505001500226650002300241700002300264902000800287942000700295952011700302999001500419nice12345678IN_TiNIC20260116012414.0050524s1973 lona grp 000 0 eng  ac10000a232.96bCOR aCorbishley, Thomas aOne Body One Spirit aLondonbFaith Pressc1973 a92p aincludes index and biblioraphy2 aBib, Index aJesus Christ-Death1 aCorbishley, Thomas bSRS cBK 001040708StackRoom-aHMIbHMId2007-06-19g100.00l0o232.96 CORp010011r2007-06-19v100.00w2005-05-24yBK c6894d6894